000 00893nam a2200205 a 4500
005 20140412111312.0
008 010326s19uu xx 00 eng d
020 _a0-7835-1310-0
050 _aREF 170
_bC54Ta v.11
245 _aThe tale of the giant turnip :
_ba book about generosity and greed.
260 _aAsia :
_bTime Life Asia,
_c1997.
300 _a29 p. ; ill.
440 _aA Child's First Library of Values
500 _aw/ casette tape
520 _aA poor farmer is amazed to find an enormous turnip growing in his fields. He presents the unusual turnip to his king as a gift and is well rewarded for his generosity. When the poor farmer's rich brother thinks up a plan to find the same good fortune for himself, he finds that greed leads only to misfortune . . .
650 _aValues
650 _aGenerosity - Fiction
650 _aGreed - Fiction
999 _c104027
_d104027